An introduction to the foundations of Lutheran education / (Record no. 2795)

MARC details
000 -LEADER
fixed length control field 00975cam a22002654a 4500
001 - CONTROL NUMBER
control field 12064791
003 - CONTROL NUMBER IDENTIFIER
control field GBCCL
005 - DATE AND TIME OF LATEST TRANSACTION
control field 20241126110439.0
008 - FIXED-LENGTH DATA ELEMENTS--GENERAL INFORMATION
fixed length control field 000620s2000 moua b 000 0 eng
010 ## -
-- 00010074
020 ## - INTERNATIONAL STANDARD BOOK NUMBER
International Standard Book Number 0570042860
040 ## - CATALOGING SOURCE
Original cataloging agency DLC
Transcribing agency DLC
Modifying agency DLC
042 ## -
-- pcc
050 00 -
-- LC574
-- .R56 2000
082 00 - DEWEY DECIMAL CLASSIFICATION NUMBER
Classification number 268.841
-- 371.01741
Edition information 21
Item number RIE
100 1# - MAIN ENTRY--PERSONAL NAME
Personal name Rietschel, William C.
9 (RLIN) 5421
245 13 - TITLE STATEMENT
Title An introduction to the foundations of Lutheran education /
Statement of responsibility, etc. William C. Rietschel.
260 ## - PUBLICATION, DISTRIBUTION, ETC.
Place of publication, distribution, etc. St. Louis, MO :
Name of publisher, distributor, etc. Concordia Academic Press,
Date of publication, distribution, etc. c2000.
300 ## - PHYSICAL DESCRIPTION
Extent 170 p. :
Other physical details ill. ;
Dimensions 24 cm.
504 ## - BIBLIOGRAPHY, ETC. NOTE
Bibliography, etc. note Includes bibliographical references.
650 #0 - SUBJECT ADDED ENTRY--TOPICAL TERM
Topical term or geographic name entry element Lutheran Church
General subdivision Education
-- Philosophy.
9 (RLIN) 5422
906 ## - LOCAL DATA ELEMENT F, LDF (RLIN)
a 7
b cbc
c orignew
d 1
e ecip
f 20
g y-gencatlg
942 ## - ADDED ENTRY ELEMENTS (KOHA)
Source of classification or shelving scheme Dewey Decimal Classification
Koha item type Books
Holdings
Withdrawn status Lost status Source of classification or shelving scheme Damaged status Not for loan Home library Current Library Shelving location Date acquired Total checkouts Full call number Barcode Date last seen Copy number Price effective from Koha item type
    Dewey Decimal Classification     GRACE BIBLE COLLEGE GRACE BIBLE COLLEGE Ministry & Mission 2017-09-20   268.841 RIE 012544 2025-05-01 c.1 2017-09-20 Books
    Dewey Decimal Classification     GRACE BIBLE COLLEGE GRACE BIBLE COLLEGE Ministry & Mission 2017-10-05   268.841 RIE 012545 2025-05-01 c.2 2017-10-05 Books
    Dewey Decimal Classification     GRACE BIBLE COLLEGE GRACE BIBLE COLLEGE Ministry & Mission 2017-10-05   268.841 RIE 012546 2025-05-01 c.3 2017-10-05 Books
    Dewey Decimal Classification     GRACE BIBLE COLLEGE GRACE BIBLE COLLEGE Ministry & Mission 2017-10-05   268.841 RIE 012547 2025-05-01 c.4 2017-10-05 Books
    Dewey Decimal Classification     GRACE BIBLE COLLEGE GRACE BIBLE COLLEGE Ministry & Mission 2017-10-05   268.841 RIE 012548 2025-05-01 c.5 2017-10-05 Books
    Dewey Decimal Classification     GRACE BIBLE COLLEGE GRACE BIBLE COLLEGE Ministry & Mission 2017-10-05   268.841 RIE 012549 2025-05-01 c.6 2017-10-05 Books
    Dewey Decimal Classification     GRACE BIBLE COLLEGE GRACE BIBLE COLLEGE Ministry & Mission 2017-10-05   268.841 RIE 012550 2025-05-01 c.7 2017-10-05 Books
© Grace Bible College Library 2025